BIBLIOTECA

SENCICO

Fuentes de energía, renovables y no renovables. Aplicaciones (Registro nro. 816)

Detalles MARC
000 -LEADER
fixed length control field 00953nam a2200313Ia 4500
005 - DATE AND TIME OF LATEST TRANSACTION
control field 20251020182450.0
008 - FIXED-LENGTH DATA ELEMENTS--GENERAL INFORMATION
fixed length control field 200515s9999 xx 000 0 und d
020 ## - INTERNATIONAL STANDARD BOOK NUMBER
International Standard Book Number 978-607-707-820-3
082 ## - DEWEY DECIMAL CLASSIFICATION NUMBER
Classification number 620.91/V37
100 ## - MAIN ENTRY--PERSONAL NAME
Personal name Ramirez Morales, Santiago de Chile
100 ## - MAIN ENTRY--PERSONAL NAME
Personal name Vega de Kuyper, Juan Carlos
245 #0 - TITLE STATEMENT
Title Fuentes de energía, renovables y no renovables. Aplicaciones
250 ## - EDITION STATEMENT
Edition statement 1a ed.
260 ## - PUBLICATION, DISTRIBUTION, ETC.
Place of publication, distribution, etc. México, D.F.
260 ## - PUBLICATION, DISTRIBUTION, ETC.
Name of publisher, distributor, etc. Alfaomega
260 ## - PUBLICATION, DISTRIBUTION, ETC.
Date of publication, distribution, etc. 2014
300 ## - PHYSICAL DESCRIPTION
Extent 668 p.
300 ## - PHYSICAL DESCRIPTION
Other physical details il., tbl., graf.
500 ## - GENERAL NOTE
General note 1 ejemplar
520 ## - SUMMARY, ETC.
Summary, etc. Constituye un gran aporte a la bibliografía de las materias referidas al tema de las fuentes de energía, en carreras de ingenierÍa u otras.
650 ## - SUBJECT ADDED ENTRY--TOPICAL TERM
Topical term or geographic name entry element ENERGIA ELECTROQUIMICA
650 ## - SUBJECT ADDED ENTRY--TOPICAL TERM
Topical term or geographic name entry element ENERGIA EOLICA
650 ## - SUBJECT ADDED ENTRY--TOPICAL TERM
Topical term or geographic name entry element ENERGIA GEOTERMICA
650 ## - SUBJECT ADDED ENTRY--TOPICAL TERM
Topical term or geographic name entry element ENERGIA SOLAR
650 ## - SUBJECT ADDED ENTRY--TOPICAL TERM
Topical term or geographic name entry element ENERGIA TERMICA
650 ## - SUBJECT ADDED ENTRY--TOPICAL TERM
Topical term or geographic name entry element RECURSOS NATURALES
942 ## - ADDED ENTRY ELEMENTS (KOHA)
Koha item type Libros
Existencias
Fecha de la última vez que lo usaron Pago total Signatura topográfica completa Código de barras Precio efectivo desde Tipo de documento Estado perdido Estado dañado No es para préstamo Retirado Ubicación permanente Ubicación actual Fecha de adquisición
15/05/2020   620.91/V37 Bib-Lima15050816 15/05/2020 Libros         Biblioteca Central Lima Biblioteca Central Lima 15/05/2020